Calculus with analytic geometry (Record no. 77998)

MARC details
000 -LEADER
fixed length control field 01208nam a2200241 a 4500
008 - FIXED-LENGTH DATA ELEMENTS--GENERAL INFORMATION
fixed length control field 060424s1988 ||||||||||||||||| || u
020 ## - INTERNATIONAL STANDARD BOOK NUMBER
International Standard Book Number 0871500086
050 ## - LIBRARY OF CONGRESS CALL NUMBER
Classification number QA 303 Swo
100 ## - MAIN ENTRY--PERSONAL NAME
Personal name Swokowski, Earl William, 1926-
245 10 - TITLE STATEMENT
Title Calculus with analytic geometry
250 ## - EDITION STATEMENT
Edition statement 2nd alternate ed.
260 ## - PUBLICATION, DISTRIBUTION, ETC.
Place of publication, distribution, etc. Boston:
Name of publisher, distributor, etc. PWS-Kent Pub. Co
Date of publication, distribution, etc. 1988
300 ## - PHYSICAL DESCRIPTION
Extent xiii, 914p.: ill.
350 ## -
-- 0.00
490 ## -
-- The Prindle, Weber & Schmidt series in mathematics
500 ## - GENERAL NOTE
General note Includes index.
650 ## - SUBJECT ADDED ENTRY--TOPICAL TERM
Topical term or geographic name entry element GEOMETRY, ANALYTIC
650 #0 - SUBJECT ADDED ENTRY--TOPICAL TERM
Topical term or geographic name entry element CALCULUS
995 ## -
-- MAIN LIBRARY OPEN ACCESS
-- 0.00
-- 725495
-- CBU-MAIN LIBRARY (Kitwe)
-- 3
-- 46.95
-- QA 303 Swo
-- 4
-- LOST
-- Mar 7, 2013
-- 014299
-- Main Library Open Access Collection
995 ## -
-- MAIN LIBRARY OPEN ACCESS
-- 0.00
-- 725497
-- CBU-MAIN LIBRARY (Kitwe)
-- 4
-- 46.95
-- QA 303 Swo
-- 2
-- LOST
-- Mar 7, 2013
-- 011830
-- Main Library Open Access Collection
995 ## -
-- ANNEX COLLECTION (Main Library)
-- 0.00
-- 725496
-- CBU-MAIN LIBRARY (Kitwe)
-- 2
-- 46.95
-- QA 303 Swo
-- 1
-- AVAILABLE
-- 011829
-- Annex Low-Usage Collection
995 ## -
-- BINDERY (DAMAGED)
-- 0.00
-- 725498
-- CBU-MAIN LIBRARY (Kitwe)
-- 1
-- 46.95
-- QA 303 Swo
-- 3
-- DAMAGED
-- 011831
-- Main Library Open Access Collection
999 ## -
-- 77998
-- 77998
Holdings
Withdrawn status Lost status Source of classification or shelving scheme Damaged status Not for loan Permanent Location Current Location Shelving location Date acquired Total Checkouts Full call number Barcode Date last seen Copy number Price effective from Koha item type
          CBU-MAIN LIBRARY, KITWE. CBU-MAIN LIBRARY, KITWE.   05/03/2023   QA 303 Swo 014299 05/03/2023 1 05/03/2023 MONOGRAPH
          CBU-MAIN LIBRARY, KITWE. CBU-MAIN LIBRARY, KITWE.   05/03/2023   QA 303 Swo 011830 05/03/2023 2 05/03/2023 MONOGRAPH
          CBU-MAIN LIBRARY, KITWE. CBU-MAIN LIBRARY, KITWE.   05/03/2023   QA 303 Swo 011829 05/03/2023 3 05/03/2023 MONOGRAPH
          CBU-MAIN LIBRARY, KITWE. CBU-MAIN LIBRARY, KITWE.   05/03/2023   QA 303 Swo 011831 05/03/2023 4 05/03/2023 MONOGRAPH